Atila /

Atila, el famoso rey de los hunos, es asociado comúnmente con la invasiones bárbaras de Europa. La presente biografía, sin negar la verdad de los hechos, presenta a Atila como algo más que un tirano sangriento; como un ser complejo, capaz también de la generosidad y la misericordia y, sobre todo, co...

ver descrição completa

Na minha lista:
Detalhes bibliográficos
Autor principal: Howarth, Patrick (autor)
Formato: Livro
Idioma:espanhol
Publicado em: Barcelona, España : Ariel, 2001, c2001
Colecção:(Biografías)
Assuntos:
Tags: Adicionar Tag
Sem tags, seja o primeiro a adicionar uma tag!

MARC

LEADER 00000nam^a2200000^a^4500
001 000154415
005 20250521000000.0
009 20260310100354.508
020 |a 84-344-6636-8 
037 |a Acervo ITESO - Biblioteca 
041 |a ESP 
082 |a 940. 11  |b HOW 
100 |a Howarth, Patrick  |e (autor) 
245 1 0 |a Atila /  |c P. Howarth ; tr. por Jordi Beltrán Ferrer. 
264 4 |a Barcelona, España :  |b Ariel,  |c 2001, c2001 
300 |a 203 p. 
336 |a texto  |b txt  |2 rdacontenido 
337 |a sin mediación  |b n  |2 rdamedio 
338 |a volumen  |b nc  |2 rdasoporte 
440 1 |a (Biografías) 
500 |a Traducción de: Attila, King of the Huns 
520 |a Atila, el famoso rey de los hunos, es asociado comúnmente con la invasiones bárbaras de Europa. La presente biografía, sin negar la verdad de los hechos, presenta a Atila como algo más que un tirano sangriento; como un ser complejo, capaz también de la generosidad y la misericordia y, sobre todo, como un militar con gran visión. 
649 |a XX 
650 |a Reyes Hunos -  |x Biografías 
650 |a Hunos -  |x Historia 
650 |a Hungría -  |x Historia -  |y Invasiones Hunas, 380-454 
650 |a Roma -  |x Historia -  |y Dinastía de Teodosio, 395-476 
650 |a Europa -  |x Historia -  |y Hasta 476 
650 |a Atila,  |c Rey de los Hunos 
910 |a Fondo General 
920 |a Impresos - Libros 
930 |a Colección General 
905 |a 101 
901 |a 0500085910  |b IT1  |c ACC  |u 20250521 
902 |a https://opac.biblio.iteso.mx/vufind/Record/000154415